Unit operations of chemical engineering (Record no. 3799)

000 -LEADER
fixed length control field 00652nam a2200241 a 4500
001 - CONTROL NUMBER
control field 3799
003 - CONTROL NUMBER IDENTIFIER
control field BD-DhUET
008 - FIXED-LENGTH DATA ELEMENTS--GENERAL INFORMATION
fixed length control field 850523s1985 nyua b 001 0 eng
020 ## - INTERNATIONAL STANDARD BOOK NUMBER
International Standard Book Number 0070448280
040 ## - CATALOGING SOURCE
Modifying agency BD-DhUET
Transcribing agency 0
082 0# - DEWEY DECIMAL CLASSIFICATION NUMBER
Classification number 660.2842
Item number MCC/1985
100 1# - MAIN ENTRY--PERSONAL NAME
Personal name McCabe, Warren L.
245 10 - TITLE STATEMENT
Title Unit operations of chemical engineering
250 ## - EDITION STATEMENT
Edition statement 4th ed.
260 ## - PUBLICATION, DISTRIBUTION, ETC. (IMPRINT)
Place of publication, distribution, etc. New York
Name of publisher, distributor, etc. McGraw-Hill
Date of publication, distribution, etc. 1985
300 ## - PHYSICAL DESCRIPTION
Extent x, 960 p.
Other physical details ill.
Dimensions 25 cm.
490 1# - SERIES STATEMENT
Series statement McGraw-Hill chemical engineering series
504 ## - BIBLIOGRAPHY, ETC. NOTE
Bibliography, etc Includes bibliographies
650 #0 - SUBJECT ADDED ENTRY--TOPICAL TERM
Topical term or geographic name as entry element Chemical Processer
700 1# - ADDED ENTRY--PERSONAL NAME
Personal name Smith, Julian C.
700 1# - ADDED ENTRY--PERSONAL NAME
Personal name Harriott, Peter.
942 ## - ADDED ENTRY ELEMENTS (KOHA)
Koha item type General Book
Holdings
Koha date last borrowed Shelving location Koha normalized classification for sorting Koha item type Koha issues (times borrowed) Not for loan Date acquired Withdrawn status Location (home branch) Copy number Sublocation or collection (holding branch) Source of classification or shelving scheme Lost status Damaged status Koha full call number Piece designation (barcode) Price effective from Koha date last seen
 Circulation section660_000000000000000_2842MCC198General Book  2014-11-05 Central Library, BUET1Central Library, BUET   660.2842/MCC/1985727392014-11-052016-10-23
 Circulation section660_000000000000000_2842MCC198General Book  2014-11-05 Central Library, BUET2Central Library, BUET   660.2842/MCC/1985775492014-11-052014-11-05
2018-11-14Circulation section660_000000000000000_2842MCC198General Book2 2014-11-05 Central Library, BUET3Central Library, BUET   660.2842/MCC/1985775502014-11-052018-12-04
 Reading section660_284200000000000_MCC_1985Reading Item  2015-07-01 Central Library, BUET4Central Library, BUET   660.2842/MCC/1985687312015-07-012015-07-01
 Rental section660_284200000000000_MCC_1985Rental Item  1989-06-27 Central Library, BUET৪/ক-১Central Library, BUET   660.2842 MCC/1985739102024-11-252024-11-25
 Rental section660_284200000000000_MCC_1985Rental Item  1989-06-27 Central Library, BUET৪/ক-২Central Library, BUET   660.2842 MCC/1985739112024-11-252024-11-25
 Rental section660_284200000000000_MCC_1985Rental Item  1989-06-27 Central Library, BUET৪/ক-৩Central Library, BUET   660.2842 MCC/1985739122024-11-252024-11-25
 Rental section660_284200000000000_MCC_1985Rental Item  1989-06-27 Central Library, BUET৪/ক-৪Central Library, BUET   660.2842 MCC/1985739132024-11-252024-11-25
 Rental section660_284200000000000_MCC_1985Rental Item  1989-06-27 Central Library, BUET৪/ক-৫Central Library, BUET   660.2842 MCC/1985739142024-11-252024-11-25
 Rental section660_284200000000000_MCC_1985Rental Item  1989-06-27 Central Library, BUET৪/ক-৬Central Library, BUET   660.2842 MCC/1985739152024-11-252024-11-25
 Rental section660_284200000000000_MCC_1985Rental Item  1989-06-27 Central Library, BUET৪/ক-৭Central Library, BUET   660.2842 MCC/1985739162024-11-252024-11-25
 Rental section660_284200000000000_MCC_1985Rental Item  1989-06-27 Central Library, BUET৪/ক-৮Central Library, BUET   660.2842 MCC/1985739172024-11-252024-11-25
 Rental section660_284200000000000_MCC_1985Rental Item  1989-06-27 Central Library, BUET৪/ক-৯Central Library, BUET   660.2842 MCC/1985739182024-11-252024-11-25
 Rental section660_284200000000000_MCC_1985Rental Item  1989-06-27 Central Library, BUET৪/ক-১০Central Library, BUET   660.2842 MCC/1985739192024-11-252024-11-25
 Rental section660_284200000000000_MCC_1985Rental Item  1989-06-27 Central Library, BUET৪/ক-২৫Central Library, BUET   660.2842 MCC/1985739342024-11-252024-11-25
 Rental section660_284200000000000_MCC_1985Rental Item  1989-06-27 Central Library, BUET৪/ক-২৬Central Library, BUET   660.2842 MCC/1985739352024-11-252024-11-25